书目信息 |
| 题名: |
生产与运作管理
|
|
| 作者: | 刘丽文 著 | |
| 分册: | ||
| 出版信息: | 北京 清华大学出版社 2002.06 |
|
| 页数: | 375页 | |
| 开本: | 26cm | |
| 丛书名: | ||
| 单 册: | ||
| 中图分类: | F273 | |
| 科图分类: | ||
| 主题词: | 企业经济 | |
| 电子资源: | ||
| ISBN: | 7-302-05478-9 | |
| 000 | 00588nam0 2200217 45 | |
| 001 | 0430021784 | |
| 005 | 2004042908202172 | |
| 010 | @a7-302-05478-9@dCNY 31.00 | |
| 100 | @a20040429d2002 km y0chiy0120 ea | |
| 101 | 0 | @achi |
| 102 | @aCN@b110000 | |
| 200 | 1 | @a生产与运作管理@ASheng Chan Yu Yun Zuo Guan Li@f刘丽文著@Fliu li wen zhu |
| 205 | @a2版 | |
| 210 | @a北京@c清华大学出版社@d2002.06 | |
| 215 | @a375页@d26cm | |
| 300 | @a21世纪清华MBA系列教材 | |
| 606 | 0 | @a企业经济 |
| 690 | 1 | @aF273@v4 |
| 701 | 0 | @a刘丽文@Aliu li wen@4著 |
| 801 | 0 | @aCN@bPFT@c20040429 |
| 905 | @dF273@eL640 | |
| 生产与运作管理/刘丽文著.-2版.-北京:清华大学出版社,2002.06 |
| 375页;26cm |
| 21世纪清华MBA系列教材 |
| ISBN 7-302-05478-9:CNY 31.00 |
| ● |
| 相关链接 |
|
|
|
正题名:生产与运作管理
索取号:F273/L640
 
预约/预借
| 序号 | 登录号 | 条形码 | 馆藏地/架位号 | 状态 | 备注 |
| 1 | 380832 | 203808326 | 管理学院资料室/ [索取号:F273/L640] | 在馆 | |
| 2 | 380833 | 203808335 | 社科库409/400B社科库 2排1列3层/ [索取号:F273/L640] | 在馆 | |
| 3 | 380834 | 203808344 | 社科库409/409社科库 91排3列2层/ [索取号:F273/L640] | 在馆 |